00671nam a2200181 i 450000100060000000300090000600500170001500700030003200800410003524501290007626000320020530000220023770000300025970000290028985200320031899900170035095201220036783655ES-MaACL20230906174854.0t|041117s1965 sp ||||1| spa d00aInvestigación operativa y determinación de precios / cpor Alfred Oxenfeldt... [et al.] ; traducido por Tiburcio Alonso. aBilbao : bDeusto, c[1965] a168 p. ; c22 cm.1 aOxenfeldt, Alfred.9880401 aAlonso, Tiburcio.920249 aES-MaACLjC-28266 bR.56901 c83655d83655 00104070aATENEOMbATENEOMcDEPO2d2008-01-17eSCl0oC-28266p1087432r2023-02-23 00:00:00w2023-02-23yMONOGRAFIA